| 000 | 00498nam a2200181Ia 4500 | ||
|---|---|---|---|
| 008 | 131103s9999 xx 000 0 und d | ||
| 020 | _cRs.21.00 | ||
| 040 | _aLoreto College | ||
| 041 | _aEnglish | ||
| 082 |
_a913/BAN _bLCBED/13992 |
||
| 100 | _aBanerjee, Ardhendu | ||
| 245 |
_aMiddle school geography _b for class vii _cArdhendu Banerjee |
||
| 260 |
_aCalcutta _bCalcutta book house _c2004 |
||
| 300 |
_a87p _c 21cm. |
||
| 650 | _aWorld-Geography | ||
| 850 | _aLCBED/913/BAN | ||
| 942 | _cBK | ||
| 999 |
_c29320 _d79799 |
||